Statistics for Invisible - Taylor Swift (All Lyrics)

Click here to take the quiz!

General Stats

  • This quiz has been taken 23 times
    (10 since last reset)
  • The average score is 215 of 250

Answer Stats

Lyrics% Correct
I
100%
in
100%
Instead
100%
invisible
100%
just
100%
me
100%
of
100%
when
100%
you,
100%
you
100%
You
100%
a
86%
all
86%
and
86%
And
86%
are
86%
be
86%
But
86%
but
86%
by
86%
could
86%
do
86%
don't
86%
even
86%
everything
86%
eyes
86%
how
86%
if
86%
is
86%
knew
86%
know
86%
light
86%
Light
86%
like
86%
Like
86%
never
86%
No
86%
Oh,
86%
oh
86%
only
86%
right
86%
see
86%
show
86%
smile
86%
that
86%
That
86%
the
86%
through
86%
to
86%
up
86%
wanna
86%
want
86%
way
86%
we
86%
We
86%
we're
86%
your
86%
about
71%
beautiful
71%
can't
71%
faded
71%
gonna
71%
help
71%
her
71%
let
71%
love
71%
make
71%
matter
71%
miracle,
71%
notice
71%
open
71%
realize
71%
shadows
71%
She
71%
she
71%
She'll
71%
She's
71%
stare
71%
stop
71%
think
71%
unbelievable
71%
walks
71%
what
71%
Whenever
71%
yeah
71%
yeah,
71%
Baby,
57%
fire
57%
inside
57%
shine
57%
There's
57%
wanting
57%

Score Distribution

Percentile by Number Answered

Percent of People with Each Score

Your Score History

You have not taken this quiz since the last reset